Construire les Etats au Moyen Orient (Cycle I) - Statistiques

Statistiques générales
  • Ce quiz a été pris 57 fois
  • Le résultat moyen est 9 sur 33
Statistiques - réponses
Hint Réponse % Correct
Traité de Lausanne 1923
71%
Arabie saoudite prend son nom 1932
54%
proclamation d'Israël 1948
54%
Suppression du Califat (Tu) 1924
46%
Apparition Frères Musulmans 1928
42%
Indépendance de l'Irak en + entrée à la SDN 1932
42%
Traité de Sèvres 10 août 1920
38%
Pacte de Quincy (US protecteurs AS en échange d'un quasi-monopole pétrolier 1945
38%
conférence de San Remo 25-26 avril 1920
38%
Coup d'Etat en Iran (Reza Khan) 1921
33%
Révolte ikhwan écrasée avec l'aide des brits 1929
33%
émeutes en Irak ordonnées par al Istiqlal 1920
29%
Révolte Kurde écrasée par l'armée turque 1925
29%
Coup d'Etat contre Nouri Saïd + abdication du Shah + charte de l'Atlantique 1941
29%
Proposition de plan de partage Israel-Palestine 1947
29%
Conférence du Caire 1921
25%
Traité pour le retrait partiel des troupes brits en Egypte (sauf Suez) 1936
25%
Pacte national libanais septembre 1943
25%
Conférence d'Uqair (AS-Koweit) 1922
21%
Suppression du Sultanat (Tu) 1923
21%
La Turquie reconnaît Mossoul comme irakienne 1926
21%
Bataille de Khan Mayssaloun contre Faycal 24 juillet 1920
21%
Livre blanc pour la Palestine 1922
13%
Indépendance de l'Egypte 1922
13%
Reza Khan au pouvoir 1925-1941
13%
Kemalisme devient un programme politique 1931
13%
Révolte Ikhwan AS 1926
8%
République turque laïque 1937
8%
Frères Musulmans usent de la violence apd 1945
8%
Traité Irak-RU, brits ctrlent armée+eco, Fayçal affaires intérieures 1922
4%
Accord AS-Transjordanie (Hadda) 1925
4%
Protocole d'Alexandrie (LEA) 1945
4%
RU reconnaît une certaine autonomie à la Transjordanie 1938
0%
Aucun quiz correspondant
Distribution des résultats
% des personnes avec chaque résultat
Percentile par nombre de réponses
Votre historique - résultats
Vous n’avez pas pris ce quiz